00000000nam 2200000zi 4500
0019.941791
003CaOODSP
00520241118125502
006m     o  d f      
007cr mn|||||||||
008240813t20242024bcc     ob   f000 0 eng d
020 |a9780660731308
040 |aCaOODSP|beng|erda|cCaOODSP
043 |an-cn-bc|apn-----
0861 |aFs143-3/23-2365E-PDF
24500|aPacific Region integrated fisheries management plan, September 30, 2024-May 31, 2029, Pacific sardine.
24617|aFisheries and Oceans Canada, Pacific sardine integrated fisheries management plan
2463 |aPacific Region integrated fisheries management plan, Pacific sardine
264 1|a[Vancouver] : |bFisheries and Oceans Canada = Pêches et océans Canada, |c2024.
264 4|c©2024
300 |a1 online resource (15 pages).
336 |atext|btxt|2rdacontent
337 |acomputer|bc|2rdamedia
338 |aonline resource|bcr|2rdacarrier
4901 |aPacific region integrated fisheries management plan, |x2564-002X ; |v23-2365
500 |aTitle from cover.
500 |aTitle of series supplied from ISSN Portal.
504 |aIncludes bibliographical references (page 15).
520 |a"The purpose of this Integrated Fisheries Management Plan (IFMP) is to identify the main objectives and requirements for the Pacific Sardine fishery in the Pacific Region, as well as the management measures that will be used to achieve these objectives. This document also serves to communicate the basic information on the fishery and its management to Fisheries and Oceans Canada (DFO, the Department) staff, legislated co-management boards and other stakeholders. This IFMP provides a common understanding of the basic "rules" for the sustainable management of the fisheries resource. …"--Foreword, page 4.
650 0|aSardinops sagax fisheries|zBritish Columbia|zPacific Coast|xManagement.
650 6|aSardinops cærulea|xPêche commerciale|zColombie-Britannique|zPacifique, Côte du|xGestion.
7101 |aCanada. |bDepartment of Fisheries and Oceans. |bPacific Region, |eissuing body.
830#0|aPacific region integrated fisheries management plan ;|v23-2365.|w(CaOODSP)9.901435
85640|qPDF|s1.13 MB|uhttps://publications.gc.ca/collections/collection_2024/mpo-dfo/Fs143-3-23-2365-eng.pdf